000 00492nam a2200181 a 4500
001 1769948270805
003 YourLibrary
005 20260201175204.0
008 260201s2000##################000#0#eng##
020 _a9781840641073
082 0 4 _a330.947086
_bHAN
100 1 _aHanson, Philip,
_eauthor.
245 1 0 _aRegional Economic Change in Russia :
260 _bEdward Elgar Publishing,
_c2000.
650 0 _aRegionalism.
942 _cENGLISH
040 _aYourLibrary
_beng
_cYourLibrary
999 _c609971
_d609971